[Event "Nicolo La Rosa op 15th"]
[Site "Mazara del Vallo"]
[Date "2007.08.11"]
[Round "4"]
[White "Castelli, Giovanni J"]
[Black "Di Misa, Serafino"]
[Result "1/2-1/2"]
[WhiteElo "1476"]
[BlackElo "1491"]
[PlyCount "82"]
[EventDate "2007.08.10"]
[EventType "swiss"]
[EventRounds "6"]
[EventCountry "ITA"]
[SourceTitle "EXT 2011"]
[Source "ChessBase"]
[SourceDate "2010.11.26"]
[SourceVersion "1"]
[SourceVersionDate "2010.11.26"]
[SourceQuality "1"]

1. e4 d5 2. exd5 Qxd5 3. Nc3 Qa5 4. d4 c6 5. Nf3 Nf6 6. Bd2 Qc7 7. Bc4 Bf5 8. Ne5 e6 9. g4 Bg6 10. Nxg6 hxg6 11. f4 Bd6 12. Qf3 Nbd7 13. 0-0-0 Nb6 14. Bb3 0-0-0 15. Kb1 Bb4 16. a3 Bxc3 17. Bxc3 Nfd5 18. Bd2 Rh7 19. Be3 Rdh8 20. h3 Rd8 21. Rd3 Nxe3 22. Qxe3 Kb8 23. Re1 Rhh8 24. Qe5 Qxe5 25. fxe5 Rd7 26. Rf1 Nd5 27. Bxd5 cxd5 28. Rdf3 Rf8 29. g5 Kc8 30. b4 Kd8 31. Kb2 Rc7 32. Rc3 Rd7 33. Kb3 Ke7 34. Rcf3 Rc7 35. h4 Rfc8 36. c3 b5 37. Kc2 a6 38. R1f2 Rb8 39. Kb3 Rbc8 40. Ra2 Rh8 41. Rf4 Rhc8 1/2-1/2